Practicing democracy : local activism and politics in France and Finland /

Bibliographic Details
Main Author: Luhtakallio, Eeva
Corporate Author: ebrary, Inc
Format: eBook
Language:English
Published: New York : Palgrave Macmillan, 2012.
Subjects:
Online Access:Connect to the full text of this electronic book

MARC

Tag First Indicator Second Indicator Subfields
LEADER 00000cam a2200000 a 4500
001 in00002781037
006 m d
007 cr cn|||||||||
008 111130s2012 nyua ob 001 0 eng d
005 20250816211017.0
010 |z  2011049325 
020 |z 9780230309296 (hardback) 
020 |z 9780230363519 (e-book) 
035 |a (CaPaEBR)ebr10578411 
040 |a CaPaEBR  |c CaPaEBR  |d UtOrBLW 
043 |a e-fr---  |a e-fi--- 
050 1 4 |a JN2916  |b .L85 2012eb 
082 0 4 |a 320.944  |2 23 
100 1 |a Luhtakallio, Eeva. 
245 1 0 |a Practicing democracy :  |b local activism and politics in France and Finland /  |c Eeva Luhtakallio. 
264 1 |a New York :  |b Palgrave Macmillan,  |c 2012. 
300 |a 1 online resource (xiii, 250 pages) :  |b illustrations 
336 |a text  |b txt  |2 rdacontent 
337 |a computer  |b c  |2 rdamedia 
338 |a online resource  |b cr  |2 rdacarrier 
504 |a Includes bibliographical references and index. 
500 |a Electronic resource. 
650 0 |a Democracy  |z France. 
650 0 |a Democracy  |z Finland. 
650 0 |a Politics, Practical  |z France. 
650 0 |a Politics, Practical  |z Finland. 
650 0 |a Political participation  |z France. 
650 0 |a Political participation  |z Finland. 
650 0 |a Comparative government. 
651 0 |a France  |x Politics and government. 
651 0 |a Finland  |x Politics and government. 
655 7 |a Electronic books.  |2 local 
710 2 |a ebrary, Inc. 
856 4 0 |u https://ebookcentral.proquest.com/lib/tamucs/detail.action?docID=956559  |y Connect to the full text of this electronic book  |t 0 
980 |a 120807  |b 85  |c USD  |e 85  |f YBP_EBR0000039956  |g 1 
999 f f |s 35b9593a-2bf8-3575-9714-cd0d0534ff02  |i a810b213-cd7d-308e-9a3c-4aeddc69fda0  |t 0 
999 |a MARS 
952 f f |a Texas A&M University  |b College Station  |c Electronic Resources  |d Available Online  |t 0  |e JN2916 .L85 2012eb  |h Library of Congress classification 
998 f f |a JN2916 .L85 2012eb  |t 0  |l Available Online